[Event "4NCL 3 South pool A"]
[Site "Reading, ENG"]
[Date "2018.03.24"]
[Round "7.11"]
[White "Britton, Richard L"]
[Black "Brozel, Sacha"]
[Result "1-0"]
[WhiteElo "2250"]
[BlackElo "2230"]
[PlyCount "61"]
[EventDate "2018.03.24"]

1. e4 e6 2. d3 d5 3. Nd2 Nf6 4. g3 c5 5. Bg2 Nc6 6. Ngf3 Be7 7. O-O Qc7 8. Re1
b6 9. e5 Nd7 10. Qe2 Bb7 11. c4 d4 12. a3 h6 13. h4 O-O-O 14. h5 Rhg8 15. b4
cxb4 16. axb4 Bxb4 17. Ba3 Bxa3 18. Rxa3 Nc5 19. Nb3 Nxb3 20. Rxb3 g5 21. Nh2
g4 22. Nxg4 Rg5 23. f4 Rg7 24. Ra1 Rdg8 25. Bh3 Na5 26. Rb2 Qc6 27. Kh2 Kb8 28.
Nf6 Rd8 29. Qf1 Qc5 30. Rb5 Qc7 31. Raxa5 1-0

[Event "4NCL 3 South pool A"]
[Site "Reading, ENG"]
[Date "2018.03.24"]
[Round "7.12"]
[White "Villiers, Thomas"]
[Black "Walker, Nicholas P"]
[Result "1/2-1/2"]
[WhiteElo "2230"]
[BlackElo "2124"]
[PlyCount "81"]
[EventDate "2018.03.24"]

1. e4 e5 2. Nf3 Nc6 3. Bc4 Nf6 4. Ng5 d5 5. exd5 b5 6. Bf1 Qxd5 7. Nc3 Qc5 8.
Bxb5 Bg4 9. Nge4 Nxe4 10. Bxc6+ Qxc6 11. Qxg4 Nf6 12. Qa4 Qxa4 13. Nxa4 O-O-O
14. d3 e4 15. dxe4 Rd4 16. Nc3 Nxe4 17. Be3 Rc4 18. Nxe4 Rxe4 19. O-O-O Bd6 20.
Kb1 a6 21. h3 Rhe8 22. Rd3 f5 23. Rhd1 f4 24. Bd4 g5 25. a4 h5 26. b3 Kb7 27.
Bf6 Re2 28. R1d2 g4 29. hxg4 hxg4 30. Kb2 Re1 31. f3 g3 32. b4 R8e2 33. c3 Rf2
34. Bd4 Ree2 35. Kc2 Rxg2 36. Rxe2 Rxe2+ 37. Rd2 Rh2 38. Bg1 Rh1 39. Rg2 a5 40.
b5 Rh5 41. Kd3 1/2-1/2

[Event "4NCL 3 South pool A"]
[Site "Reading, ENG"]
[Date "2018.03.24"]
[Round "7.13"]
[White "Kovacs, Zoltan"]
[Black "Willmoth, Robert F"]
[Result "1-0"]
[WhiteElo "2143"]
[BlackElo "2290"]
[PlyCount "59"]
[EventDate "2018.03.24"]

1. Nf3 d6 2. d4 Bg4 3. c4 Bxf3 4. gxf3 c6 5. Nc3 Nd7 6. e4 c5 7. d5 g6 8. Be2
Bg7 9. Be3 Bxc3+ 10. bxc3 Qa5 11. Qd2 Ngf6 12. O-O Qa4 13. Qb2 Nb6 14. Bd1 Qd7
15. Qb3 O-O 16. Kg2 Kh8 17. a4 g5 18. a5 Nc8 19. Qb5 Qc7 20. Bc2 Rg8 21. Kh1
Nh5 22. Rg1 h6 23. f4 gxf4 24. Rxg8+ Kxg8 25. Qe8+ Kg7 26. Rg1+ Ng3+ 27. fxg3
fxe3 28. Rf1 f6 29. Rf4 f5 30. exf5 1-0

[Event "4NCL 3 South pool A"]
[Site "Reading, ENG"]
[Date "2018.03.24"]
[Round "7.14"]
[White "Rocco, Federico"]
[Black "Chin, Francis"]
[Result "1-0"]
[WhiteElo "2207"]
[BlackElo "2055"]
[PlyCount "63"]
[EventDate "2018.03.24"]

1. e4 e6 2. d4 d5 3. Nc3 Bb4 4. e5 c5 5. a3 Bxc3+ 6. bxc3 Qc7 7. Qg4 f5 8. Qg3
cxd4 9. cxd4 Ne7 10. Bb5+ Bd7 11. Bxd7+ Nxd7 12. Ne2 O-O 13. Nf4 Qc6 14. h4
Rfc8 15. Bd2 Nf8 16. h5 Qxc2 17. Bb4 Qe4+ 18. Ne2 Nc6 19. Rh4 Qc2 20. Bd6 Nd8
21. Be7 Qc7 22. Bd6 Qf7 23. Nf4 Rc4 24. Rd1 Nc6 25. Qe3 Rc8 26. g4 Ne7 27. g5
Rc3 28. Qe2 R8c4 29. Rh2 Nc6 30. g6 hxg6 31. hxg6 Nxg6 32. Qh5 1-0

[Event "4NCL 3 South pool A"]
[Site "Reading, ENG"]
[Date "2018.03.24"]
[Round "7.15"]
[White "Conway, Paul Bernard"]
[Black "Ethelontis, Alexandros N"]
[Result "0-1"]
[WhiteElo "1856"]
[BlackElo "2125"]
[PlyCount "46"]
[EventDate "2018.03.24"]

1. e4 e6 2. d4 d5 3. Nc3 Bb4 4. e5 c5 5. a3 Bxc3+ 6. bxc3 Ne7 7. a4 Qa5 8. Bd2
c4 9. Qb1 Nbc6 10. Be2 Bd7 11. Nf3 f6 12. exf6 gxf6 13. O-O Qc7 14. Nh4 Ng6 15.
Bh5 O-O-O 16. Bxg6 hxg6 17. Nf3 e5 18. dxe5 Nxe5 19. Nxe5 Qxe5 20. h3 Bxh3 21.
gxh3 Rxh3 22. f4 Qe2 23. Rf2 Rg3+ 0-1

[Event "4NCL 3 South pool A"]
[Site "Reading, ENG"]
[Date "2018.03.24"]
[Round "7.16"]
[White "Orgler, Philipp"]
[Black "Clancy, Martin J"]
[Result "0-1"]
[WhiteElo "2125"]
[BlackElo "1812"]
[PlyCount "94"]
[EventDate "2018.03.24"]

1. d4 Nf6 2. Nc3 d5 3. Bg5 Nbd7 4. Qd3 g6 5. e4 dxe4 6. Nxe4 Bg7 7. Nf3 O-O 8.
O-O-O c5 9. Bxf6 Nxf6 10. Kb1 Bf5 11. Nxf6+ Bxf6 12. Qe3 cxd4 13. Rxd4 Bxd4 14.
Nxd4 e5 15. Nxf5 Qd1+ 16. Qc1 Qxc1+ 17. Kxc1 gxf5 18. f3 Kg7 19. Bd3 Kf6 20. g4
fxg4 21. fxg4 h6 22. Rf1+ Kg7 23. Be4 Rab8 24. Rd1 f6 25. b4 b6 26. Rd7+ Rf7
27. Rd6 Rc8 28. b5 Rc5 29. Bc6 Re7 30. Rd3 Rc4 31. h3 Kg6 32. Kd2 Kg5 33. c3
Ra4 34. Bd5 Rf4 35. Ke2 h5 36. gxh5 Kxh5 37. c4 Kh4 38. a4 f5 39. a5 e4 40. Rc3
Kg5 41. a6 Rh4 42. c5 bxc5 43. Rxc5 Rxh3 44. b6 axb6 45. Rb5 Ra3 46. Rxb6 Rh7
47. Kf1 Rh2 0-1

[Event "4NCL 3 South pool A"]
[Site "Reading, ENG"]
[Date "2018.03.24"]
[Round "7.21"]
[White "Waterfield, John W"]
[Black "Gill, Oliver"]
[Result "1/2-1/2"]
[WhiteElo "1937"]
[BlackElo "2129"]
[PlyCount "103"]
[EventDate "2018.03.24"]

1. e4 e5 2. f4 d5 3. exd5 e4 4. d3 Nf6 5. dxe4 Nxe4 6. Nf3 Bc5 7. Qe2 Bf5 8.
Nc3 Qe7 9. Be3 Nxc3 10. Bxc5 Qxe2+ 11. Bxe2 Nxe2 12. Kxe2 Na6 13. Ba3 Bxc2 14.
Rac1 Be4 15. b4 O-O-O 16. b5 Nb8 17. d6 Bxf3+ 18. Kxf3 c6 19. Bb4 Rhe8 20. a4
Kd7 21. Rhe1 Rxe1 22. Rxe1 Re8 23. Rd1 $11 23... f5 24. Bc3 g6 25. Be5 Ke6 26.
d7 Nxd7 27. Rd6+ Ke7 28. bxc6 bxc6 29. Rxc6 Nxe5+ 30. fxe5 Kf7 31. Rf6+ Kg7 32.
Ra6 Re7 33. a5 $11 33... Kh6 34. Kf4 Kg7 35. g4 fxg4 36. Kxg4 Rf7 37. Rd6 Kf8
38. e6 Rb7 39. Ra6 Kg7 40. Kf4 Kf6 41. Ke4 $11 41... g5 42. Kd5 Re7 43. Rd6 h5
44. Rd8 44... Rxe6 $11 45. Rf8+ Ke7 46. Re8+ Kxe8 47. Kxe6 g4 48. Kf5 Ke7 49.
Kg5 Ke6 50. Kxh5 Kf5 51. Kh4 a6 52. h3 1/2-1/2

[Event "4NCL 3 South pool A"]
[Site "Reading, ENG"]
[Date "2018.03.24"]
[Round "7.22"]
[White "Pleasants, Allan J"]
[Black "Adams, Mark"]
[Result "1-0"]
[WhiteElo "2114"]
[BlackElo "1965"]
[PlyCount "59"]
[EventDate "2018.03.24"]

1. e4 c5 2. Nf3 a6 3. c3 e6 4. d4 d5 5. exd5 exd5 6. Bd3 c4 7. Bc2 Nf6 8. O-O
Be7 9. b3 b5 10. Re1 O-O 11. Ne5 Bb7 12. Bg5 Nbd7 13. Nd2 h6 14. Bh4 Re8 15.
Bg3 Nf8 16. Re3 Qb6 17. Qe2 Bd6 18. Re1 Rad8 19. b4 Bc8 20. h3 Ne6 21. Kh1 Bc7
22. a4 Bd6 23. a5 Qc7 24. Bb1 Qb7 25. Bh2 Bf8 26. Ndf3 Bd6 27. Nh4 Bxe5 28.
Bxe5 Qe7 29. Nf5 Qf8 30. Bxf6 1-0

[Event "4NCL 3 South pool A"]
[Site "Reading, ENG"]
[Date "2018.03.24"]
[Round "7.23"]
[White "Fletcher, John"]
[Black "Isaakidis, Alexandros"]
[Result "0-1"]
[WhiteElo "1930"]
[BlackElo "2073"]
[PlyCount "54"]
[EventDate "2018.03.24"]

1. d4 c5 2. d5 Nf6 3. Nc3 g6 4. e4 d6 5. Bb5+ Bd7 6. a4 Bg7 7. f4 O-O 8. Nf3 e6
9. O-O exd5 10. exd5 Na6 11. Bxa6 bxa6 12. Qe2 Bf5 13. Qxa6 Bxc2 14. Re1 Qb6
15. Qxb6 axb6 16. Re7 Bb3 17. Rb7 Rfb8 18. Rxb8+ Rxb8 19. Ra3 Bc4 20. Nd2 Bxd5
21. Nxd5 Nxd5 22. Nc4 Nb4 23. f5 d5 24. Bf4 Bd4+ 25. Kf1 Re8 26. Nd6 Re7 27. a5
Nc2 0-1

[Event "4NCL 3 South pool A"]
[Site "Reading, ENG"]
[Date "2018.03.24"]
[Round "7.24"]
[White "McDougall, William M"]
[Black "Hughes, Anthony"]
[Result "1/2-1/2"]
[WhiteElo "2068"]
[BlackElo "1925"]
[PlyCount "79"]
[EventDate "2018.03.24"]

1. d4 d5 2. c4 c6 3. Nf3 Nf6 4. g3 a6 5. Bg2 dxc4 6. O-O b5 7. Ne5 Bb7 8. b3
cxb3 9. axb3 e6 10. Nc3 Be7 11. Bg5 O-O 12. Qd3 h6 13. Bf4 Bd6 14. Rfc1 Qe7 15.
Ne4 Bxe5 16. Bxe5 Nxe4 17. Bxe4 Rc8 18. Ra2 a5 19. Rca1 Qb4 20. Qe3 Nd7 21. Bf4
Nf6 22. Rc2 Nxe4 23. Qxe4 Rd8 24. Be5 Qe7 25. Qf4 Rd7 26. Qd2 c5 27. Rxa5 f6
28. Rxa8+ Bxa8 29. Bxf6 Qxf6 30. Rxc5 Ra7 31. f3 Qg6 32. Qf4 Ra1+ 33. Kg2 Bd5
34. Rc8+ Kh7 35. Qf8 Qf6 36. Qg8+ Kg6 37. Rf8 Qxd4 38. Qf7+ Kh7 39. Qg8+ Kg6
40. Qf7+ 1/2-1/2

[Event "4NCL 3 South pool A"]
[Site "Reading, ENG"]
[Date "2018.03.24"]
[Round "7.25"]
[White "Davies, Peter"]
[Black "Simons, Martin J"]
[Result "1-0"]
[WhiteElo "1977"]
[BlackElo "2021"]
[PlyCount "63"]
[EventDate "2018.03.24"]

1. e4 d6 2. d4 Nf6 3. Nc3 Nbd7 4. g4 h6 5. h3 e5 6. d5 c6 7. Bg2 Be7 8. Nge2
Nf8 9. Be3 Ng6 10. Ng3 Nh4 11. Bf1 g6 12. f3 Kf8 13. Qe2 c5 14. a4 Kg7 15. Bg2
h5 16. O-O-O a6 17. Rdg1 b5 18. f4 b4 19. Nd1 hxg4 20. f5 Nxg2 21. Qxg2 gxh3
22. Rxh3 Rxh3 23. Qxh3 Qh8 24. Qg2 Ng4 25. Rh1 Nxe3 26. Nxe3 Bg5 27. f6+ Bxf6
28. Rxh8 Kxh8 29. Nc4 Bg5+ 30. Kb1 Be7 31. Nb6 Rb8 32. Nxc8 1-0

[Event "4NCL 3 South pool A"]
[Site "Reading, ENG"]
[Date "2018.03.24"]
[Round "7.26"]
[White "Gregory, Keith D F"]
[Black "Perrett, David C"]
[Result "1/2-1/2"]
[WhiteElo "1976"]
[BlackElo "1924"]
[PlyCount "69"]
[EventDate "2018.03.24"]

1. Nf3 f5 2. c4 Nf6 3. g3 g6 4. Bg2 Bg7 5. O-O c6 6. d3 d6 7. Nbd2 O-O 8. Rb1
a5 9. b3 Na6 10. a3 Bd7 11. Bb2 e5 12. Ne1 Qe7 13. Nc2 f4 14. b4 axb4 15. axb4
Ng4 16. b5 fxg3 17. hxg3 Qg5 18. f3 Ne3 19. Ne4 Nxd1 20. Nxg5 Nxb2 21. bxa6 Na4
22. axb7 Rab8 23. Kf2 Nc5 24. Rh1 h6 25. Ne4 Nxb7 26. Nb4 Ra8 27. Nc2 Ra7 28.
Ne3 Bf5 29. Rb6 Bxe4 30. dxe4 Rc8 31. Rhb1 Rc7 32. Bh3 Kf7 33. Nc2 Nd8 34. Nb4
Bf8 35. Rb8 1/2-1/2

[Event "4NCL 3 South pool A"]
[Site "Reading, ENG"]
[Date "2018.03.24"]
[Round "7.31"]
[White "Gregory, Stephen J"]
[Black "Hall, John"]
[Result "1/2-1/2"]
[WhiteElo "2095"]
[BlackElo "2252"]
[PlyCount "84"]
[EventDate "2018.03.24"]

1. e4 c5 2. Nf3 d6 3. d4 cxd4 4. Nxd4 Nf6 5. Nc3 g6 6. Be3 Bg7 7. f3 Nc6 8. Bc4
O-O 9. Qd2 Bd7 10. h4 Qa5 11. Bb3 Rfc8 12. O-O-O Ne5 13. Nd5 Qxd2+ 14. Rxd2
Nxd5 15. Bxd5 Rab8 16. h5 e6 17. Bb3 a5 18. hxg6 hxg6 19. a4 b5 20. axb5 Bxb5
21. Nxe6 a4 22. Bd5 Nd3+ 23. Rxd3 Bxd3 24. Kd2 Bxb2 25. Kxd3 Rc3+ 26. Kd2 Rxe3
27. Kxe3 fxe6 28. Bxe6+ Kg7 29. Rd1 Rb6 30. Ba2 Rc6 31. Kd3 Rc3+ 32. Kd2 Ra3
33. Bd5 Be5 34. Rb1 Bf4+ 35. Kd1 Kf6 36. Rb2 Ke5 37. Ra2 Rxa2 38. Bxa2 Kd4 39.
g3 Bxg3 40. Kc1 Ke3 41. Bf7 g5 42. Bh5 Be5 1/2-1/2

[Event "4NCL 3 South pool A"]
[Site "Reading, ENG"]
[Date "2018.03.24"]
[Round "7.32"]
[White "Pickard, Charles"]
[Black "Wallis, Ian J"]
[Result "1-0"]
[WhiteElo "2177"]
[BlackElo "2057"]
[PlyCount "109"]
[EventDate "2018.03.24"]

1. Nf3 Nf6 2. c4 g6 3. g3 Bg7 4. Bg2 O-O 5. O-O d6 6. d4 Nbd7 7. Qc2 e5 8. Rd1
Qe7 9. Nc3 c6 10. e4 Re8 11. b3 exd4 12. Nxd4 Nc5 13. f3 a5 14. Nde2 Nfd7 15.
Qd2 Ne5 16. Qxd6 Qxd6 17. Rxd6 Ned3 18. Ba3 Bf8 19. Bxc5 Nxc5 20. Rd2 f5 21.
exf5 Bxf5 22. Rad1 Na6 23. g4 Be6 24. Ne4 Bb4 25. Nf6+ Kf8 26. Nxe8 Bxd2 27.
Rxd2 Kxe8 28. Kf2 a4 29. Nf4 Bf7 30. Nd3 Ke7 31. f4 Be6 32. h3 Rd8 33. Ke3 axb3
34. axb3 b5 35. Rb2 35... bxc4 $11 36. bxc4 Bxc4 37. Ne5 Bd5 38. Rb7+ Ke6 39.
Bxd5+ cxd5 40. Rxh7 d4+ 41. Kd2 Nc5 42. Rg7 Ne4+ 43. Ke2 Ra8 44. Nf3 Ra2+ 45.
Kd3 Nf2+ 46. Kxd4 Nxh3 47. Rxg6+ Kf7 48. Ne5+ Kf8 49. f5 Ra4+ 50. Ke3 Nf4 51.
Rc6 Nd5+ 52. Kf3 Ke7 53. Kg3 Ne3 54. f6+ Kf8 55. Rc8# 1-0

[Event "4NCL 3 South pool A"]
[Site "Reading, ENG"]
[Date "2018.03.24"]
[Round "7.33"]
[White "Myall, Ivan J"]
[Black "Wojciechowski, Paul"]
[Result "1/2-1/2"]
[WhiteElo "2042"]
[BlackElo "1967"]
[PlyCount "51"]
[EventDate "2018.03.24"]

1. e4 c5 2. c3 e6 3. d4 d5 4. e5 Nc6 5. Be3 Qb6 6. Qd2 Bd7 7. Nf3 cxd4 8. cxd4
Nge7 9. Be2 Nf5 10. g4 Nxe3 11. fxe3 Be7 12. O-O f6 13. exf6 gxf6 14. Kh1 O-O-O
15. Nc3 h5 16. g5 fxg5 17. b4 g4 18. b5 gxf3 19. bxc6 fxe2 20. cxd7+ Rxd7 21.
Nxe2 Bd6 22. Nf4 Bxf4 23. Rxf4 Rg7 24. Rc1+ Kb8 25. Qf2 Qd6 26. Rf1 1/2-1/2

[Event "4NCL 3 South pool A"]
[Site "Reading, ENG"]
[Date "2018.03.24"]
[Round "7.34"]
[White "Taylor, Mark V"]
[Black "Brown, David"]
[Result "1-0"]
[WhiteElo "1945"]
[BlackElo "1946"]
[PlyCount "67"]
[EventDate "2018.03.24"]

1. d4 d5 2. Nc3 Nf6 3. Bg5 g6 4. e3 Bg7 5. Bd3 Nbd7 6. Nf3 O-O 7. Ne5 Nxe5 8.
dxe5 Ng4 9. Be2 Nxe5 10. Nxd5 f6 11. Bf4 c6 12. Nc3 Qa5 13. O-O Be6 14. Qc1 Nc4
15. Rb1 Bf7 16. b4 Qd8 17. Rd1 Qe8 18. b5 e5 19. Bg3 f5 20. Rb4 cxb5 21. Nxb5
Qc6 22. Bxc4 Bxc4 23. Nd6 Bd5 24. Rxb7 Bf6 25. e4 Bxe4 26. Qh6 Qxb7 27. Nxb7
Rf7 28. Nc5 Bxc2 29. Re1 Rc8 30. Ne6 Re7 31. Ng5 Rc4 32. Nxh7 Rxh7 33. Qxg6+
Bg7 34. Qe6+ 1-0

[Event "4NCL 3 South pool A"]
[Site "Reading, ENG"]
[Date "2018.03.24"]
[Round "7.35"]
[White "Hall, Antony C"]
[Black "Hickman, John E"]
[Result "1/2-1/2"]
[WhiteElo "1930"]
[BlackElo "1922"]
[PlyCount "26"]
[EventDate "2018.03.24"]

1. e4 d6 2. d4 Nf6 3. Nc3 c6 4. Be2 Nbd7 5. Nf3 e5 6. O-O Be7 7. h3 O-O 8. Be3
Qc7 9. Qd2 Re8 10. Rad1 b5 11. a3 Bb7 12. Nh2 a6 13. f3 Rad8 1/2-1/2

[Event "4NCL 3 South pool A"]
[Site "Reading, ENG"]
[Date "2018.03.24"]
[Round "7.36"]
[White "Bourne, Iain"]
[Black "Sheerin, Alex"]
[Result "1-0"]
[WhiteElo "1870"]
[BlackElo "1930"]
[PlyCount "103"]
[EventDate "2018.03.24"]

1. d4 d6 2. e4 Nf6 3. f3 Nbd7 4. c4 g6 5. Nc3 Bg7 6. Nge2 O-O 7. Bg5 c5 8. d5
Ne5 9. Ng3 h6 10. Be3 Qa5 11. f4 Ned7 12. Be2 Qb4 13. Qc2 Nb6 14. a3 Qa5 15.
Bd2 Nbd7 16. O-O a6 17. b4 cxb4 18. axb4 Qc7 19. Be3 b6 20. Nb5 Qb8 21. Nd4 Bb7
22. Nc6 Bxc6 23. dxc6 Nxe4 24. Qxe4 Bxa1 25. Rxa1 Nf6 26. Qxe7 Re8 27. Qxf6
Rxe3 28. Qd4 Qe8 29. Bf3 Re1+ 30. Rxe1 Qxe1+ 31. Nf1 Qxb4 32. Bd5 Ra7 33. Qe4
Qc5+ 34. Ne3 Kf8 35. Kf2 Re7 36. Qd3 a5 37. Qc3 Kg8 38. Kf3 h5 39. g4 hxg4+ 40.
Nxg4 Qg1 41. Nf6+ Kf8 42. Nd7+ Kg8 43. c7 Qd1+ 44. Kg3 Qg1+ 45. Kh4 Qxh2+ 46.
Kg4 Qg1+ 47. Qg3 Qd1+ 48. Bf3 f5+ 49. Kg5 Qe1 50. c8=Q+ Kf7 51. Qf8+ Ke6 52.
Qxe1+ 1-0

[Event "4NCL 3 South pool A"]
[Site "Reading, ENG"]
[Date "2018.03.24"]
[Round "7.41"]
[White "Musson, Adam J"]
[Black "Robertson, J Stuart"]
[Result "1-0"]
[WhiteElo "2050"]
[BlackElo "2130"]
[PlyCount "99"]
[EventDate "2018.03.24"]

1. d4 d5 2. c4 c6 3. Nf3 Nf6 4. Nc3 e6 5. e3 Nbd7 6. Qc2 Bd6 7. b3 O-O 8. Be2
e5 9. cxd5 cxd5 10. dxe5 Nxe5 11. O-O Qc7 12. Nd4 Bd7 13. Ncb5 Qxc2 14. Nxc2
Be7 15. Bb2 Nc6 16. Rfd1 Bf5 17. Ncd4 Bg6 18. Rac1 Rfc8 19. g4 Nxd4 20. Bxd4
Rxc1 21. Rxc1 a6 22. Nc3 Rd8 23. Na4 Bd6 24. Nb6 h6 25. f3 Bb8 26. a4 Kh7 27.
Kg2 Ng8 28. b4 Ne7 29. b5 axb5 30. Bxb5 f5 31. h3 Bd6 32. Bd7 fxg4 33. hxg4 Be8
34. Be6 Bc6 35. Kf2 Bc7 36. f4 g6 37. a5 Bd6 38. f5 Rf8 39. f6 Ng8 40. Bxg8+
Kxg8 41. Rh1 Kh7 42. g5 h5 43. Rc1 Kg8 44. a6 Bb8 45. axb7 Bxb7 46. Nd7 Rd8 47.
Nxb8 Rxb8 48. Rc7 Ba6 49. Rg7+ Kf8 50. Bc5+ 1-0

[Event "4NCL 3 South pool A"]
[Site "Reading, ENG"]
[Date "2018.03.24"]
[Round "7.42"]
[White "Somerfield, Adrian P"]
[Black "Brown, Thomas"]
[Result "1/2-1/2"]
[WhiteElo "2085"]
[BlackElo "2074"]
[PlyCount "117"]
[EventDate "2018.03.24"]

1. d4 Nf6 2. Nf3 g6 3. e3 Bg7 4. Be2 O-O 5. O-O c5 6. Nbd2 cxd4 7. exd4 d5 8.
c3 Nc6 9. Re1 Rb8 10. Bb5 a6 11. Bxc6 bxc6 12. Ne5 Qb6 13. Nb3 Ne4 14. Nd3 a5
15. f3 a4 16. fxe4 dxe4 17. Nbc5 exd3 18. Rxe7 a3 19. b4 Bf5 20. Nxd3 Bxd4+ 21.
cxd4 Qxd4+ 22. Be3 Qxd3 23. Qxd3 Bxd3 24. Bc5 Rfe8 25. Rae1 $11 25... Rxe7 26.
Rxe7 Ra8 27. Rd7 Bc4 28. Rd2 g5 29. Kf2 h6 30. Rc2 Be6 31. Be7 Kg7 32. Rxc6
Bxa2 33. Bf6+ Kg6 34. Bc3+ Be6 35. b5 a2 36. Ra6 Rxa6 37. bxa6 Kf5 38. a7 Bd5
39. h3 h5 40. g3 h4 41. gxh4 gxh4 42. Ke3 Kg5 43. Ba1 f5 44. Kd4 Ba8 45. Ke3
f4+ 46. Kd3 f3 47. Ke3 Kf5 48. Bb2 Ke6 49. Ba1 Kd6 50. Bb2 Kc5 51. Ba1 Kc4 52.
Bg7 Kb5 53. Bf6 Ka6 54. Bd4 Bc6 55. Kf2 Kb7 56. Ke3 Bd7 57. Kxf3 Bxh3 58. Kf2
Ka8 59. Kg1 1/2-1/2

[Event "4NCL 3 South pool A"]
[Site "Reading, ENG"]
[Date "2018.03.24"]
[Round "7.43"]
[White "Hewitt, William"]
[Black "Rich, Mark C"]
[Result "1/2-1/2"]
[WhiteElo "2019"]
[BlackElo "2069"]
[PlyCount "61"]
[EventDate "2018.03.24"]

1. e4 g6 2. d4 Bg7 3. Nc3 d6 4. f4 a6 5. Nf3 b5 6. Bd3 Nd7 7. a4 b4 8. Ne2 e6
9. O-O Ne7 10. c3 c5 11. f5 exf5 12. exf5 Nf6 13. cxb4 Bxf5 14. Bxf5 Nxf5 15.
dxc5 dxc5 16. bxc5 Qe7 17. Qd3 O-O 18. b4 a5 19. Ba3 Rfd8 20. Ned4 Nxd4 21.
Nxd4 axb4 22. Bxb4 Qd7 23. Rfd1 Nd5 24. Bd2 Rxa4 25. Rxa4 Qxa4 26. Nc2 Bf6 27.
Bh6 Qh4 28. Qh3 Qc4 29. Qd3 Qh4 30. Qh3 Qc4 31. Qd3 1/2-1/2

[Event "4NCL 3 South pool A"]
[Site "Reading, ENG"]
[Date "2018.03.24"]
[Round "7.44"]
[White "Chan, Nevil"]
[Black "Trevelyan, John"]
[Result "1-0"]
[WhiteElo "2001"]
[BlackElo "2025"]
[PlyCount "91"]
[EventDate "2018.03.24"]

1. d4 d6 2. Nc3 e5 3. Nf3 Nd7 4. e4 Ngf6 5. Be2 Be7 6. h3 c6 7. a4 a5 8. Be3
Qc7 9. Qd3 O-O 10. O-O Re8 11. Rfe1 exd4 12. Bxd4 Ne5 13. Qd2 Nxf3+ 14. Bxf3
Be6 15. Rad1 Nd7 16. Be2 Rad8 17. f4 f5 18. exf5 Bxf5 19. Bh5 g6 20. Bf3 Bh4
21. Re2 Rxe2 22. Qxe2 Nf6 23. g3 Re8 24. Qg2 d5 25. gxh4 Ne4 26. Bxe4 Bxe4 27.
Nxe4 Rxe4 28. Be5 Qb6+ 29. Kh2 Qe3 30. Rd2 Qe1 31. h5 Kf7 32. hxg6+ hxg6 33. b3
c5 34. Rf2 d4 35. h4 Ke7 36. h5 gxh5 37. Qg7+ Ke8 38. Qg6+ Ke7 39. Qd6+ Ke8 40.
Qb8+ Ke7 41. Qxb7+ Ke8 42. Qc6+ Kf7 43. Qd7+ Kf8 44. Bd6+ Kg8 45. Rg2+ Kh8 46.
Qg7# 1-0

[Event "4NCL 3 South pool A"]
[Site "Reading, ENG"]
[Date "2018.03.24"]
[Round "7.45"]
[White "Ralphs, Nigel"]
[Black "Gooding, Ian"]
[Result "1/2-1/2"]
[WhiteElo "1989"]
[BlackElo "1980"]
[PlyCount "62"]
[EventDate "2018.03.24"]

1. d4 d5 2. c4 c6 3. Nf3 Nf6 4. e3 Bf5 5. Nc3 e6 6. Nh4 Bg4 7. Qb3 Qc7 8. h3
Bh5 9. g4 Bg6 10. Nxg6 hxg6 11. Bg2 Be7 12. Bd2 Nbd7 13. Rc1 dxc4 14. Qxc4 Nb6
15. Qb3 Rd8 16. a4 Qb8 17. a5 Nbd5 18. Nxd5 Nxd5 19. a6 bxa6 20. Qa4 O-O 21.
O-O Qxb2 22. Rc2 Qb6 23. Qxc6 a5 24. Bxd5 Rxd5 25. Qxb6 axb6 26. Rb1 Rb8 27.
Rc6 Bd8 28. e4 Rxd4 29. Bxa5 Ra4 30. Bb4 b5 31. Bd6 Rba8 1/2-1/2

[Event "4NCL 3 South pool A"]
[Site "Reading, ENG"]
[Date "2018.03.24"]
[Round "7.46"]
[White "Webster, Peter AN"]
[Black "Hatchett, Paul"]
[Result "1/2-1/2"]
[WhiteElo "2005"]
[BlackElo "1971"]
[PlyCount "50"]
[EventDate "2018.03.24"]

1. e4 Nf6 2. e5 Nd5 3. d4 Nb6 4. Nf3 d5 5. Bd3 Bg4 6. h3 Bxf3 7. Qxf3 e6 8. Qg3
c5 9. dxc5 N6d7 10. Nd2 Nc6 11. Nf3 Nxc5 12. O-O Qc7 13. Bf4 h6 14. h4 O-O-O
15. a3 Rg8 16. Bxh6 Ne4 17. Bxe4 dxe4 18. Nd2 gxh6 19. Qxg8 Bb4 20. Qh7 Bxd2
21. Qxe4 Qxe5 22. Qxe5 Nxe5 23. Rfd1 Nc4 24. b3 Ne5 25. Kf1 Ng6 1/2-1/2